Score 0/50 Timer 08:00
0 Plays Today
% Correct
France
89.3%
Portugal
89.3%
Italy
88.3%
United Kingdom
87.8%
Ireland
87.3%
Germany
86.8%
Iceland
86.8%
Norway
86.8%
Sweden
86.8%
Finland
85.9%
Poland
85.9%
Spain
85.9%
Russia
85.4%
Turkey
85.4%
Belgium
84.9%
Switzerland
83.4%
Denmark
82.9%
The Netherlands
82.9%
Ukraine
82.9%
Austria
82.4%
Czech Republic
82%
Greece
82%
Vatican City
81.5%
Andorra
81%
Latvia
81%
% Correct
Estonia
80.5%
Lithuania
80.5%
Cyprus
80%
Monaco
79.5%
Luxembourg
79%
Romania
79%
Belarus
78%
Hungary
77.1%
Slovakia
76.6%
Croatia
75.1%
Malta
74.6%
San Marino
74.1%
Slovenia
74.1%
Macedonia
72.7%
Liechtenstein
72.2%
Moldova
71.7%
Bulgaria
70.7%
Serbia
70.7%
Albania
69.8%
Bosnia and Herzegovina
69.8%
Montenegro
68.8%
Kosovo
67.8%
Georgia
61%
Armenia
54.1%
Azerbaijan
52.7%
Remove Ads.
Support Sporcle.
Get the best of Sporcle when you Go Orange. This ad-free experience offers more features, more stats, and more fun while also helping to support Sporcle. Thank you for becoming a member.

You're not logged in!

Compare scores with friends on all Sporcle quizzes.
OR
Log In

Show Comments

Extras

Top Quizzes Today


Score Distribution

Your Account Isn't Verified!

In order to create a playlist on Sporcle, you need to verify the email address you used during registration. Go to your Sporcle Settings to finish the process.

Report this User

Report this user for behavior that violates our Community Guidelines.

Details: